Can You Guess The NBA Player By Their Draft Year, Etc.? - Statistics

General Stats
  • This quiz has been taken 183 times
  • The average score is 16 of 21
Answer Stats
Draft Description (Year, Pick Number, & Team) Answer % Correct
(2003, 1st Pick, Cleveland Cavaliers) LeBron James
100%
(2007, 2nd Pick, Seattle SuperSonics) Kevin Durant
99%
(2013, 15th Pick, Milwaukee Bucks) Giannis Antetokounmpo
98%
(2009, 7th Pick, Golden State Warriors) Stephen Curry
91%
(2010, 10th Pick, Indiana Pacers) Paul George
90%
(2019, 1st Pick, New Orleans Pelicans) Zion Williamson
90%
(2012, 1st Pick, New Orleans Hornets) Anthony Davis
89%
(2008, 1st Pick, Chicago Bulls) Derrick Rose
88%
(2008, 4th Pick, Seattle SuperSonics) Russell Westbrook
88%
(2012, 6th Pick, Portland TrailBlazers) Damian Lillard
87%
(2011, 1st Pick, Cleveland Cavaliers) Kyrie Irving
86%
(2003, 3rd Pick, Denver Nuggets) Carmelo Anthony
84%
(2005, 4th Pick, New Orleans Hornets) Chris Paul
83%
(2009, 3rd Pick, Oklahoma City Thunder) James Harden
82%
(2015, 1st Pick, Minnesota TimberWolves) Karl-Anthony Towns
80%
(2011, 15th Pick, *Indiana Pacers) Kawhi Leonard
65%
(1996, 13th Pick, *Charlotte Hornets) Kobe Bryant (R.I.P)
49%
(2017, 13th Pick, *Denver Nuggets) Donovan Mitchell
35%
(1998, 5th Pick, *Golden State Warriors) Vince Carter
34%
(2006, 2nd Pick, *Chicago Bulls) LaMarcus Aldridge
32%
(2008, 5th Pick, *Memphis Grizzlies) Kevin Love
28%
No matching quizzes found
Score Distribution
Percent of People with Each Score
Percentile by Number Answered
Your Score History
You have not taken this quiz